Freshwater fishery biology

Enregistré dans:
Détails bibliographiques
Auteur principal: Lagler, Karl F (Auteur)
Format: Livre
Langue:anglais
Publié: Dubuque WM. C. Brown 1956
Sujets:
Tags: Ajouter un tag
Pas de tags, Soyez le premier à ajouter un tag!

MARC

LEADER 00000nam a2200000 a 4500
001 UCV5494
003 CL-VaPUC
008 930713e19560000US |||||||||||||||||eng|d
082 0 4 |a 639.31  |b LAG  |2 21 
100 |a Lagler, Karl F  |e author  |9 480406 
245 1 0 |a Freshwater fishery biology 
300 |a 421 p 
942 |c BK 
945 |d 19930713 00:00:00 
260 |a Dubuque  |b WM. C. Brown  |c 1956 
650 7 |a PISCICULTURA  |2 CL-VaPUC  |9 259974 
650 7 |a BIOLOGIA DE AGUA DULCE  |2 CL-VaPUC  |9 261577 
650 0 |a Peces de agua dulce   |9 261578 
583 |a last modification  |c 19930713 00:00:00  |k Rodrigo Vera 
999 |c 212010  |d 212008 
952 |0 0  |1 0  |4 0  |6 639_310000000000000_LAG_1956  |7 0  |8 CCM  |9 192288  |a BIBCUR  |b BIBCUR  |d 2019-11-14  |i 2596563  |o 639.31 LAG 1956  |p 2596563  |r 2025-04-22  |w 2019-11-14  |y BK  |k CIM